| 000 | 01010nam a2200301 c 4500 | ||
|---|---|---|---|
| 001 | 6203 | ||
| 003 | ES-MaCES | ||
| 005 | 20141221121828.0 | ||
| 008 | 971204s1996 fr ||| | fre d | ||
| 020 | _a9264247793 | ||
| 035 | _aCES19980062569m | ||
| 040 |
_aES-MaCES _bspa _cES-MaCES |
||
| 245 | 0 | 0 | _aEvaluer et réformer les systèmes éducatifs |
| 260 |
_aParis _bOrganisation de coopération et de développement économiques _ccop. 1996 |
||
| 300 |
_a96 p. _c23 cm |
||
| 500 | _aPubl. también en inglés bajo el tít.: Evaluating and reforming education systems | ||
| 504 | _aBibliografía. Indice | ||
| 541 | _cGratuito | ||
| 650 | 4 |
_asistema educativo _927375 |
|
| 650 | 4 |
_areforma educativa _927374 |
|
| 650 | 4 |
_atécnica de evaluación _928894 |
|
| 650 | 4 |
_apaís de la OCDE _929055 |
|
| 653 | 1 | 0 | _aEducación |
| 710 | 2 |
_aOrganización de Cooperación y Desarrollo Económico _eed. _94694 |
|
| 902 | _aLIB Libro | ||
| 942 |
_2CES _cBK _h4.0. |
||
| 999 |
_c6203 _d6203 |
||